1814 1555 1755 1537 1588 1458 1344 1159 1085 1414 1121 1947 1110 1370 1249 1750 1364 1485 1039 1562 1856 1177 1539 1256 1570 1352 1210 1838 1514 1791 1954 1826 1845 1437 1333 1510 1018 1388 1024 1181 1314 1286 1833 1844 1331 1110 1175 1602 1247 1903 1038 1769 1100 1614 1803 1720 1328 1640 1129 1507 1118 1744 1553 1313 1385 1380 1629 1480 1307 1856 1889 1226 1581 1377 1350 1170 1502 1763 1259 1855 1291 1068 1384 1651 1643 1801 1081 1749 1893 1373 1010 1712 1456 1567 1550 1361 1656 1763 1978 BCNSPRNW ULIB Ver.6.0+V

เปลี่ยนเป็นภาษาไทย

Change to English
 แสดงรายละเอียดบรรณานุกรม
  กลับหน้าหลัก

Brief Record : Get Marc (ISO 2709) : E-mail record : QR code < ปิดหน้าต่าง
LEADER : 00000nam 2200000uu 4500
001    13399128537
003     ULIB
008    230831s2565||||th 000 0 tha d
020    ^a8856652048387
060    ^aWS440^bป541น
100    ^aป้านกใหญ่
245    ^aนิทานเสริมสร้างสุขอนามัยในการแปรงฟันของเด็ก ๆ 2 ภาษาไทย-อังกฤษ ฟ.ฟันของเรา : Our Teeth
250    ^aพิมพ์ครั้งที่ 1
260    ^aกรุงเทพฯ :^bบริษัท วรรณาพับลิชชิ่ง จำกัด,^cม.ป.ป.
300    ^a24 หน้า;^c19 ซม.
650    ^aนิทานเด็ก
945    ^p50^l0^i010305
999    ^aประนอม เกษจรัล
รายการนี้ยังไม่มีแท็ก
คุณยังไม่ได้ล็อกอิน คุณสามารถมีกิจกรรมร่วมกับเว็บไซต์ได้ แต่ต้องล็อกอินก่อน ::
  ล็อกอิน

รายการสื่อสารสนเทศ

ลำดับที่ ประเภท เลขเรียก/บาร์โค้ด สถานที่ สถานะ
1. วิทยาศาสตร์การแพทย์ และสุขภาพ
วิทยาศาสตร์การแพทย์ และสุขภาพ
WS440 ป541น ฉ.1 
  Barcode: 010305
ห้องสมุดวิทยาเขตสวรรค์ประชารักษ์
►หนังสือทั่วไป
บนชั้น

รายการใกล้เคียง
    ชื่อเรื่อง [นิทานเสริมสร้างสุขอนามัยในการแปรงฟันของเด็ก ๆ 2 ภาษาไทย-อังกฤษ ฟ.ฟันของเรา : Our Teeth]

    ผู้แต่ง [ป้านกใหญ่]

    หัวเรื่อง [นิทานเด็ก]

BibComment


ยังไม่เคยถูกคอมเมนท์

คอมเมนท์ทรัพยากรรายการนี้
  คอมเมนท์: นิทานเสริมสร้างส..


 Copyright 2026. Bcnsprnw @Library